Сравнительный анализ традиционного и современного производства малых архитектурных форм на примере города Суздаля; Информационные технологии в науке, управлении, социальной сфере и медицине; Ч. 1

Dades bibliogràfiques
Parent link:Информационные технологии в науке, управлении, социальной сфере и медицине: сборник научных трудов III Международной научной конференции, 23-26 мая 2016 г., Томск.— , 2016
Ч. 1.— 2016.— [С. 612-614]
Autor principal: Цыглова А. В.
Autor corporatiu: Национальный исследовательский Томский политехнический университет (ТПУ) Институт кибернетики (ИК) Кафедра инженерной графики и промышленного дизайна (ИГПД)
Altres autors: Атепаева Н. А. Наталья Александровна
Sumari:Заглавие с титульного экрана
The article examines the characteristics of production and the role of small architectural forms in the design of the urban environment. It revealed the use of traditional, national typicalRussian architectural elements in the arrangement of modern cities, and explore the use of new technologies in the manufacture of small architectural forms. On the basis of the investigated material conclusions about current views on landscape and architectural design and their relationship with the culture of Russia, its traditions.
Idioma:rus
Publicat: 2016
Col·lecció:Компьютерная графика и дизайн
Matèries:
Accés en línia:http://earchive.tpu.ru/handle/11683/31368
Format: MixedMaterials Electrònic Capítol de llibre
KOHA link:https://koha.lib.tpu.ru/cgi-bin/koha/opac-detail.pl?biblionumber=619510

MARC

LEADER 00000naa2a2200000 4500
001 619510
005 20231227111211.0
035 |a (RuTPU)RU\TPU\conf\17946 
035 |a RU\TPU\conf\17943 
090 |a 619510 
100 |a 20160823d2016 k y0rusy50 ca 
101 0 |a rus 
102 |a RU 
105 |a y z 101zy 
135 |a drcn ---uucaa 
181 0 |a i  
182 0 |a b 
200 1 |a Сравнительный анализ традиционного и современного производства малых архитектурных форм на примере города Суздаля  |d Comparative analysis of traditional and modern production small architectural forms by the example of Suzdal  |f А. В. Цыглова, Н. А. Атепаева 
203 |a Текст  |c электронный 
225 1 |a Компьютерная графика и дизайн 
300 |a Заглавие с титульного экрана 
320 |a [Библиогр.: с. 614 (3 назв.)] 
330 |a The article examines the characteristics of production and the role of small architectural forms in the design of the urban environment. It revealed the use of traditional, national typicalRussian architectural elements in the arrangement of modern cities, and explore the use of new technologies in the manufacture of small architectural forms. On the basis of the investigated material conclusions about current views on landscape and architectural design and their relationship with the culture of Russia, its traditions. 
461 1 |0 (RuTPU)RU\TPU\conf\17281  |t Информационные технологии в науке, управлении, социальной сфере и медицине  |o сборник научных трудов III Международной научной конференции, 23-26 мая 2016 г., Томск  |o в 2 ч.  |d 2016 
463 1 |0 (RuTPU)RU\TPU\conf\17283  |t Ч. 1  |f Национальный исследовательский Томский политехнический университет (ТПУ) ; ред. кол. О. Г. Берестнева ; О. М. Гергет ; Т. А. Гладкова  |v [С. 612-614]  |d 2016 
510 1 |a Comparative analysis of traditional and modern production small architectural forms by the example of Suzdal  |z eng 
610 1 |a труды учёных ТПУ 
610 1 |a электронный ресурс 
610 1 |a традиционные производства 
610 1 |a промышленный дизайн 
610 1 |a сравнительный анализ 
610 1 |a дизайнерские проекты 
610 1 |a проектирование 
700 1 |a Цыглова  |b А. В. 
701 1 |a Атепаева  |b Н. А.  |c специалист в области инженерной графики и начертательной геометрии  |c старший преподаватель Томского политехнического университета, инженер  |f 1974-  |g Наталья Александровна  |3 (RuTPU)RU\TPU\pers\33416  |9 17110 
712 0 2 |a Национальный исследовательский Томский политехнический университет (ТПУ)  |b Институт кибернетики (ИК)  |b Кафедра инженерной графики и промышленного дизайна (ИГПД)  |3 (RuTPU)RU\TPU\col\18737 
801 2 |a RU  |b 63413507  |c 20160912  |g RCR 
856 4 |u http://earchive.tpu.ru/handle/11683/31368 
942 |c BK